000 00214nam a22000857a 4500
008 161112b xxu||||| |||| 00| 0 eng d
100 _91166
_aCBSE
245 _aCCEManual for Teacher-IX-X
260 _aNew Delhi
_bCBSE
_c2012
999 _c3834
_d3834